[Event "3rd IECC"]
[Site "Batumi GEO"]
[Date "2002.06.20"]
[Round "8"]
[White "Marin,M"]
[Black "Fedorov,Alex"]
[Result "1/2-1/2"]
[WhiteElo "2556"]
[BlackElo "2598"]

1.d4 Nf6 2.c4 g6 3.Nc3 Bg7 4.e4 d6 5.Nf3 O-O 6.Be2 e5 7.O-O Nc6 8.d5 Ne7
9.Nd2 c5 10.dxc6 bxc6 11.b4 d5 12.Ba3 a6 13.Re1 Ra7 14.Bf1 Re8 15.Bb2 Rd7
16.Qb3 Qc7 17.cxd5 cxd5 18.b5 Bh6 19.Nf3 d4 20.b6 Qb8 21.Na4 Nc6 22.Nc5 Rd6
23.Ba3 Na5 24.Qa4 Qxb6 25.Rab1 Qd8 26.Nb3 Nxb3 27.Bxd6 Nd2 28.Nxd2 Bxd2 29.Re2 Bf4
30.Qa3 Re6 31.Rc2  1/2-1/2

[Event "3rd IECC"]
[Site "Batumi GEO"]
[Date "2002.06.21"]
[Round "9"]
[White "Ataman,A"]
[Black "Mamedjarova,Z"]
[Result "0-1"]
[WhiteElo "2191"]
[BlackElo "2312"]

1.d4 Nf6 2.c4 g6 3.Nc3 Bg7 4.e4 d6 5.Nf3 O-O 6.Be2 e5 7.O-O Nc6 8.d5 Ne7
9.b4 Nh5 10.Re1 f5 11.Ng5 Nf6 12.f3 Ne8 13.c5 a5 14.cxd6 Qxd6 15.Nb5 Qb6+
16.Kh1 Nd6 17.a4 h6 18.Qb3 f4 19.Ne6 Bxe6 20.dxe6 Nxb5 21.axb5 axb4 22.Rxa8 Rxa8
23.Qxb4 Qf2 24.Bd2 Ra2 25.Qc3 Kh7 26.Qd3 c6 27.Rf1 Qd4 28.Bc3 Qc5 29.Qc4 Qxc4
30.Bxc4 Rc2 31.Bb4 Bf6 32.Bd3 Rb2 33.Bxe7 Bxe7 34.bxc6 bxc6 35.Rc1 Rd2 36.Ba6 Kg7
37.Bb7 Ba3 38.Rb1 Rc2 39.Bc8 Kf6 40.h4 Bc5 41.Rb7 Rc1+ 42.Kh2 Be7 43.Rc7 c5
44.Rd7 c4 45.Rc7 c3 46.Bd7 Bd6 47.Rc4 Ba3 48.Bc8 Ke7 49.h5 gxh5 50.Bd7 Kf6
51.Rc8 Be7 52.Rc4 Kg7 53.g3 Rc2+ 54.Kh3 fxg3 55.Ba4 Ra2 56.Rxc3 Rxa4 57.Kxg3 Ra6
58.f4 Rxe6 59.fxe5 Rxe5 60.Kf3 Rg5 61.Rc7 Kf7 62.Rc6 Bf6 63.Rc7+ Kg6 64.Rc6 h4
65.Re6 h3 66.e5 h2  0-1

[Event "3rd IECC"]
[Site "Batumi GEO"]
[Date "2002.06.23"]
[Round "11"]
[White "Essing,A"]
[Black "Kinsic,O"]
[Result "1/2-1/2"]
[WhiteElo "2286"]
[BlackElo "2158"]

1.d4 Nf6 2.Nf3 g6 3.c4 Bg7 4.Nc3 O-O 5.e4 d6 6.Be2 e5 7.O-O Nc6 8.d5 Ne7
9.Ne1 Ne8 10.f3 f5 11.g4 h6 12.h4 f4 13.Kg2 Bf6 14.Rh1 Kf7 15.Nd3 c5 16.Bd2 Nc7
17.a3 Bd7 18.b4 b6 19.Rb1 Nc8 20.Be1 Kg7 21.Bf2 Na6 22.Qg1 Be7 23.Qh2 Rf7
24.h5 g5 25.Qg1 Qf8 26.bxc5 Nxc5 27.Bxc5 bxc5 28.Nf2 Bd8 29.Qc1 Ba5 30.Qc2 Nb6
31.Rhc1 Qd8 32.Nfd1 Be8 33.Nb2 Rb7 34.Nba4 Rab8 35.Nxb6 Rxb6 36.Bd3 Bxc3
37.Qxc3 Rxb1 38.Rxb1 Rxb1 39.Bxb1 Qb6 40.Bc2 Kf6 41.Kf2 Ke7 42.Ke2 Kd8 43.Kd1 Kc7
44.Kc1 Bd7 45.Kd1 Kb7 46.Kc1 Ka6 47.Qb3 Kb7 48.Qxb6+ axb6 49.a4 Ka6 50.Kb2 Ka5
51.Ka3 Bc8 52.Bd1 Ba6 53.Be2 Bc8 54.Bd1  1/2-1/2

[Event "3rd IECC"]
[Site "Batumi GEO"]
[Date "2002.06.26"]
[Round "13"]
[White "Kekelidze,M"]
[Black "Baklan,V"]
[Result "0-1"]
[WhiteElo "2477"]
[BlackElo "2618"]

1.d4 Nf6 2.Nf3 g6 3.c4 Bg7 4.Nc3 O-O 5.e4 d6 6.Be2 e5 7.O-O Nc6 8.d5 Ne7
9.Ne1 Nd7 10.Nd3 f5 11.Bd2 Nf6 12.f3 f4 13.c5 g5 14.cxd6 cxd6 15.Nf2 Ng6
16.Qc2 Rf7 17.Rfc1 a6 18.a4 h5 19.h3 Nh4 20.a5 g4 21.fxg4 f3 22.Bxf3 Nxg4
23.hxg4 Nxf3+ 24.gxf3 Qh4 25.Ncd1 Qg3+ 26.Kf1 Bd7 27.Be3 Rxf3 28.Ra3 Bb5+
29.Ke1 hxg4 30.Rb3 Raf8 31.Rxb5 Rxe3+ 32.Nxe3 Qxe3+ 33.Kf1 g3 34.Rb3 Rxf2+
35.Kg1 Qh6 36.Qc8+ Kh7  0-1

[Event "13th Open"]
[Site "Ljubljana SLO"]
[Date "2002.06.27"]
[Round "6"]
[White "Tratar,M"]
[Black "Alfred,N"]
[Result "1-0"]
[WhiteElo "2443"]
[BlackElo "2246"]

1.d4 Nf6 2.Nf3 g6 3.c4 Bg7 4.Nc3 O-O 5.e4 d6 6.Be2 e5 7.O-O Nc6 8.d5 Ne7
9.Nd2 a5 10.a3 Nd7 11.Rb1 f5 12.b4 Kh8 13.f3 Ng8 14.Qc2 Bh6 15.Nb5 axb4 16.axb4 Ndf6
17.c5 Bd7 18.Rb3 Ra1 19.Bb2 Rxf1+ 20.Nxf1 Bxb5 21.Bxb5 fxe4 22.fxe4 Ng4 23.Be2 Rxf1+
24.Kxf1 Ne3+ 25.Rxe3 Bxe3 26.Bf3 Qh4 27.Qe2 Qh6 28.h3 Nf6 29.Qd3 Qf4 30.Ke2 Bg1
31.Qd2 Qg3 32.Kf1 Qh2 33.cxd6 cxd6 34.Qc1 Bb6 35.Ke2 Qg3 36.Qc8+ Ng8 37.Qxb7 Qf2+
38.Kd3 Bd4 39.Bxd4 exd4 40.Qc6 Qe3+ 41.Kc4 d3 42.Qxd6 h6 43.Qe5+ Kh7 44.Qd4  1-0

[Event "1st GM"]
[Site "Bogny sur Meuse FRA"]
[Date "2002.06.30"]
[Round "4"]
[White "Eliet,N"]
[Black "Rausis,I"]
[Result "1/2-1/2"]
[WhiteElo "2400"]
[BlackElo "2478"]

1.d4 Nf6 2.c4 g6 3.Nc3 Bg7 4.e4 d6 5.Nf3 O-O 6.Be2 e5 7.O-O Nc6 8.d5 Ne7
9.b4 a5 10.bxa5 Rxa5 11.Nd2 Ra8 12.a4 Ne8 13.Nb3 f5 14.f3 Kh8 15.c5  1/2-1/2

[Event "1st Open"]
[Site "La Fere FRA"]
[Date "2002.06.30"]
[Round "1"]
[White "Dumitrache,D"]
[Black "Pytel,M"]
[Result "1-0"]
[WhiteElo "2505"]
[BlackElo "2322"]

1.d4 Nf6 2.c4 g6 3.Nc3 Bg7 4.e4 d6 5.Be2 O-O 6.Nf3 e5 7.O-O Nc6 8.d5 Ne7
9.b4 Kh8 10.a4 Neg8 11.Nd2 Ne8 12.c5 f5 13.a5 Nh6 14.a6 b6 15.Bb5 bxc5 16.bxc5 f4
17.Ba3 g5 18.Qa4 Nf6 19.Bc6 Rb8 20.Nb5 Rxb5 21.Bxb5 g4 22.Qa5 g3 23.fxg3 Nfg4
24.cxd6 fxg3 25.h3 Qg5 26.Rxf8+ Bxf8 27.Qc3 cxd6 28.Rc1 Nf2 29.Nf3 Nxh3+
30.gxh3 Qf4 31.Qd2 Qxe4 32.Rxc8 Qxf3 33.Bxd6  1-0

[Event "30th World Open"]
[Site "Philadelphia USA"]
[Date "2002.06.30"]
[Round "2"]
[White "Summerscale,A"]
[Black "Manne,K"]
[Result "1-0"]
[WhiteElo "2503"]
[BlackElo "2338"]

1.d4 Nf6 2.c4 g6 3.Nc3 Bg7 4.e4 d6 5.Nf3 O-O 6.Be2 e5 7.O-O Nc6 8.d5 Ne7
9.Ne1 Ne8 10.Be3 f5 11.f3 f4 12.Bf2 g5 13.c5 Rf6 14.a4 h5 15.cxd6 cxd6 16.a5 Nc7
17.Nc2 Rg6 18.h3 Kh8 19.Na3 Ng8 20.Nab5 Nxb5 21.Nxb5 g4 22.hxg4 hxg4 23.fxg4 Nh6
24.Rc1 Bd7 25.Nc7 Rc8 26.Ne6 Bxe6 27.dxe6 Rxc1 28.Qxc1 Qg5 29.Qc8+ Kh7 30.Bf3 Qe7
31.Rc1 Qxe6 32.Qxe6 Rxe6 33.Rc7  1-0

[Event "Open"]
[Site "Velika Gorica CRO"]
[Date "2002.06.30"]
[Round "9"]
[White "Soldo,R"]
[Black "Zufic,M"]
[Result "1/2-1/2"]
[WhiteElo "2115"]
[BlackElo "2310"]

1.d4 Nf6 2.Nf3 g6 3.c4 Bg7 4.Nc3 O-O 5.e4 d6 6.Be2 e5 7.O-O Nc6 8.d5 Ne7
9.b4 Nh5 10.Re1 h6 11.Nd2 Nf4 12.Bf1 g5 13.a4 f5 14.Ba3 fxe4 15.Ndxe4 Nf5
16.c5 Rf7 17.Rc1 Nh4 18.Re3 Nf5 19.Re1 Nd4 20.cxd6 cxd6 21.Nb5 Nxb5 22.Bxb5 Bf5
23.Bf1 Bf8 24.Qb3 Rc8 25.Ng3 Bg6 26.Rxc8 Qxc8 27.Rc1 Rc7 28.Rxc7 Qxc7 29.a5 Qc2
30.Qxc2 Bxc2 31.Bc4 Kf7 32.Nf1 Ke7 33.Ne3 Bg6 34.b5 Kd7 35.Bb4 h5 36.f3 Be7
37.g3 Nd3 38.Bc3 Bd8 39.Kf1 Nc5 40.Ke2 Na4 41.Bb4 Nb2 42.Kd2 Nxc4+ 43.Nxc4 Be7
44.Ke3 Bc2 45.b6 a6 46.Nd2 Bd1 47.Ba3 Bc2 48.Bb4 Bg6 49.Ne4 Bf7 50.Nc3 Bg6
51.Ne4 Bf7 52.Nc3  1/2-1/2

[Event "23rd Open"]
[Site "Bled SLO"]
[Date "2002.07.03"]
[Round "2"]
[White "Gyimesi,Z"]
[Black "Mohr,G"]
[Result "1-0"]
[WhiteElo "2580"]
[BlackElo "2523"]

1.d4 Nf6 2.c4 g6 3.Nc3 Bg7 4.e4 d6 5.Nf3 O-O 6.Be2 e5 7.O-O Nc6 8.d5 Ne7
9.b4 a5 10.Ba3 axb4 11.Bxb4 b6 12.a4 Ne8 13.Nb5 h6 14.Qb3 Bg4 15.Rfe1 f5
16.Nd2 Bxe2 17.Rxe2 Nf6 18.a5 Nd7 19.Ree1 Nc5 20.Bxc5 bxc5 21.a6 Qd7 22.Nc3 Rfb8
23.Qa4 Qxa4 24.Rxa4 Rb2 25.Rd1 Rb6 26.Rda1 c6 27.a7 Rb7 28.Ra6 cxd5 29.Nxd5 Kf7
30.Nb6 Raxa7 31.Rxa7 Rxb6 32.Rb1 Rxb1+ 33.Nxb1 Ke6 34.Nc3 Bf6 35.Ra6 Kd7
36.f3 Nc6 37.Kf2 Bd8 38.Ke2 Nd4+ 39.Kd3 Nc6 40.Nd5 h5 41.Ra8 Ke6 42.Ne3 h4
43.g3 hxg3 44.hxg3 Nb4+ 45.Ke2 Nc6 46.exf5+ gxf5 47.g4 Nd4+ 48.Kd3 Bg5 49.gxf5+ Nxf5
50.Nxf5 Kxf5 51.Rf8+ Ke6 52.Ke4 Bf6 53.Rg8 Kf7 54.Rg2 Ke6 55.Rg6 Kf7 56.Kf5 Be7
57.Rg2 Bf6 58.Ra2  1-0

[Event "23rd Open"]
[Site "Bled SLO"]
[Date "2002.07.06"]
[Round "5"]
[White "Sitnik,I"]
[Black "Guid,M"]
[Result "1/2-1/2"]
[WhiteElo "2296"]
[BlackElo "2185"]

1.d4 Nf6 2.c4 g6 3.Nc3 Bg7 4.e4 d6 5.Nf3 O-O 6.Be2 e5 7.O-O Nc6 8.d5 Ne7
9.Ne1 Ne8 10.Be3 f5 11.f3 f4 12.Bf2 g5 13.c5 h5 14.cxd6 cxd6 15.Rc1 Rf6 16.Qc2 g4
17.Nb5 g3 18.hxg3 fxg3 19.Bxg3 Bh6 20.f4 Bd7 21.Nc7 Rc8 22.Nxe8 Qxe8 23.Qd2 exf4
24.Rxc8 Qxc8 25.Qd4 Bg7 26.Bh4 Rf8 27.Qb4 Ng6 28.Bf2 Bg4 29.Bxg4 hxg4 30.Qxd6 Rf6
31.Qc5 Qe8 32.Bd4 Rf7 33.d6 Qxe4 34.Bxg7 Kxg7 35.Nc2 Kh6 36.Re1 Qd3 37.Re6 Qd1+
38.Ne1 f3 39.Qe3+ Kh7 40.gxf3 gxf3 41.Kf2 Qd5 42.Nd3 Qh5 43.Ke1 Qh1+ 44.Kd2 f2
45.Nxf2 Rxf2+ 46.Qxf2 Qd5+ 47.Kc3 Qxe6 48.Qxa7 Qxd6 49.Qxb7+ Kh8 50.b4 Ne5
51.Qe4 Kg8 52.Qd4 Qc6+ 53.Qc5 Qf3+ 54.Kc2 Qd3+ 55.Kc1 Qf1+ 56.Kc2 Qd3+ 57.Kc1  1/2-1/2

[Event "Open"]
[Site "Oberwart AUT"]
[Date "2002.07.06"]
[Round "2"]
[White "Shariyazdanov,A"]
[Black "Schoeppl,E"]
[Result "1-0"]
[WhiteElo "2562"]
[BlackElo "2219"]

1.d4 Nf6 2.c4 g6 3.Nc3 Bg7 4.e4 d6 5.Be2 O-O 6.Nf3 e5 7.O-O Nc6 8.d5 Ne7
9.Ne1 Nd7 10.Nd3 f5 11.Bd2 Nf6 12.f3 f4 13.c5 g5 14.Rc1 a6 15.b4 h5 16.h3 Rf7
17.Nf2 Bf8 18.Qb3 Ng6 19.Na4 Rg7 20.Be1 Nh8 21.cxd6 cxd6 22.Nb2 Nf7 23.b5 axb5
24.Qxb5 g4 25.fxg4 hxg4 26.hxg4 Bxg4 27.Nxg4 Nxg4 28.Bxg4 Rxg4 29.Qe2 Nh6
30.Nd3 Rg7 31.Rf3 Ng4 32.Rh3 Be7 33.Kh1 Qd7 34.Nf2 Nxf2+ 35.Bxf2 Bd8 36.Rb1 Bg5
37.Qh5  1-0

[Event "23rd Open"]
[Site "Bled SLO"]
[Date "2002.07.07"]
[Round "6"]
[White "Mohr,G"]
[Black "Nedev,T"]
[Result "1/2-1/2"]
[WhiteElo "2523"]
[BlackElo "2476"]

1.Nf3 Nf6 2.c4 g6 3.Nc3 Bg7 4.e4 d6 5.d4 O-O 6.Be2 e5 7.O-O Nc6 8.Be3 Ng4
9.Bg5 f6 10.Bh4 Qd7 11.c5 dxc5 12.dxc5 Qf7 13.Nd2 Nh6 14.Bc4 Be6 15.Bxe6 Qxe6
16.Qb3 Nd4 17.Qxb7 Rfb8 18.Qxc7 Rxb2 19.Nb3 Rc2 20.Nd5 g5 21.Nxd4 exd4 22.Bg3 Qxe4
23.Ne7+ Kh8 24.Rfe1 Re2 25.Rxe2 Qxe2 26.Qd7 d3 27.c6 d2 28.Rf1 Bf8 29.c7 Bxe7
30.c8=Q+ Rxc8 31.Qxc8+ Kg7 32.Qd7 Nf5 33.Bc7 Kf8 34.Ba5 Nd6 35.Bxd2 Qxd2
36.Qxa7 f5 37.a4 Ne4 38.Qb8+ Kf7 39.Qe5 Qd7 40.a5 Bf6 41.Qb8 Bd4 42.Qb3+ Kg6
43.a6 Nxf2 44.Rxf2 Bxf2+ 45.Kxf2 Qa7+ 46.Qe3 Qxa6 47.Qe8+ Kh6 48.Qf8+ Kg6
49.Qe8+ Kg7 50.Qe7+ Kg6 51.Qe8+  1/2-1/2

[Event "23rd Open"]
[Site "Bled SLO"]
[Date "2002.07.08"]
[Round "7"]
[White "Jelen,Ig"]
[Black "Dimitrijevic,A"]
[Result "1-0"]
[WhiteElo "2365"]
[BlackElo "2269"]

1.d4 Nf6 2.c4 g6 3.Nc3 Bg7 4.e4 d6 5.Nf3 O-O 6.Be2 e5 7.O-O Nc6 8.d5 Ne7
9.b4 a5 10.Ba3 b6 11.bxa5 Nh5 12.Re1 Nf4 13.Bf1 h6 14.Bb4 bxa5 15.Ba3 f5
16.c5 Ba6 17.Bxa6 Rxa6 18.g3 Nh3+ 19.Kg2 Qd7 20.Ng1 Ng5 21.f3 h5 22.Qd3 Raa8
23.Nb5 Nc8 24.cxd6 cxd6 25.Rac1 Rb8 26.Rc6 Rf6 27.Rc7 Qd8 28.Rec1 Bf8 29.Qd2 Nf7
30.Qxa5 fxe4 31.fxe4 Bh6 32.R1c2 Be3 33.Qc3 Ne7 34.Qxe3 Rxb5 35.Qa7 Kf8 36.Rd7 Qe8
37.Rcc7 Nc8 38.Qa6 Rb8 39.Rb7 Rxb7 40.Rxb7 Ne7 41.Qb5 Nd8 42.Qxe8+ Kxe8 43.Rc7 g5
44.Bb4 h4 45.a4 Ng6 46.a5 g4 47.gxh4 Nxh4+ 48.Kg3 Ng6 49.a6 Rf1 50.Ne2  1-0

[Event "ch-NOR"]
[Site "Roros NOR"]
[Date "2002.07.08"]
[Round "3"]
[White "Ostenstad,B"]
[Black "Djurhuus,R"]
[Result "1/2-1/2"]
[WhiteElo "2444"]
[BlackElo "2480"]

1.d4 Nf6 2.Nf3 g6 3.c4 Bg7 4.Nc3 O-O 5.e4 d6 6.Be2 e5 7.O-O Nc6 8.d5 Ne7
9.Ne1 Ne8 10.Be3 f5 11.f3 Kh8 12.c5 Ng8 13.a4 Bh6 14.Bf2 Ngf6 15.a5 Bd7 16.Nd3 Qe7
17.Qb3 dxc5 18.Nxc5 Nd6 19.Nxb7 Rfb8 20.a6 fxe4 21.Bc5 exf3 22.Bxf3 e4 23.Be2 Qe5
24.Rad1 Nf5 25.Kh1 Bf8 26.Rxf5 Qxf5 27.Bd4 Bg7 28.Rf1 Qg5 29.d6 Rf8 30.dxc7 Ng4
31.Nd8 Rxf1+ 32.Bxf1 Bxd4 33.Nf7+ Kg7 34.Nxg5 Nf2+ 35.Kg1 Nh3+  1/2-1/2

[Event "Jacques Lemans Open"]
[Site "St Veiter AUT"]
[Date "2002.07.08"]
[Round "3"]
[White "Teske,H"]
[Black "Ragger,M"]
[Result "1/2-1/2"]
[WhiteElo "2529"]
[BlackElo "2160"]

1.Nf3 Nf6 2.c4 g6 3.Nc3 Bg7 4.d4 O-O 5.e4 d6 6.Be2 e5 7.O-O Nc6 8.d5 Ne7
9.b4 Nh5 10.Re1 Nf4 11.Bxf4 exf4 12.Rc1 h6 13.c5 g5 14.Nd4 Ng6 15.Nf5 Bxf5
16.exf5 Bxc3 17.Rxc3 Qf6 18.Qc2 Ne7 19.cxd6 Nxd5 20.Rxc7 Nxc7 21.dxc7 Rfe8
22.Rc1 Qe5 23.Bd3 Rac8 24.f6 Qxf6 25.Bf5  1/2-1/2

[Event "XX Open"]
[Site "Andorra la Vella AND"]
[Date "2002.07.10"]
[Round "5"]
[White "Dumitrache,D"]
[Black "San Emeterio Cabanes,J"]
[Result "1-0"]
[WhiteElo "2504"]
[BlackElo "2318"]

1.d4 Nf6 2.c4 g6 3.Nc3 Bg7 4.e4 d6 5.Be2 O-O 6.Nf3 e5 7.O-O Nc6 8.d5 Ne7
9.b4 c6 10.a4 Nh5 11.Re1 f5 12.Nd2 Nf6 13.Ba3 cxd5 14.cxd5 h5 15.b5 fxe4
16.Ndxe4 Nf5 17.Bd3 Bh6 18.Qb1 Bf4 19.Nxf6+ Qxf6 20.Ne4 Qd8 21.Qb4 Bg5 22.Nxg5 Qxg5
23.Rxe5 Qf6 24.Ree1 Nh4 25.f4 Bg4 26.Rf1 g5 27.Bb2 Qh6 28.Rae1 Rae8 29.Rxe8 Rxe8
30.Qd4 gxf4 31.Rxf4 Rf8 32.Rxf8+ Kxf8 33.Qf2+ Ke8 34.h3 Bd7 35.Kh2 Ng6 36.Qg3 Ne7
37.Qf3 Qg5 38.Be4  1-0

[Event "Open Championships"]
[Site "Paris FRA"]
[Date "2002.07.10"]
[Round "5"]
[White "Steimer,M"]
[Black "Sanchez,Lo"]
[Result "1-0"]
[WhiteElo "2110"]
[BlackElo "2242"]

1.d4 Nf6 2.c4 g6 3.Nc3 Bg7 4.e4 d6 5.Be2 O-O 6.Nf3 e5 7.O-O Nc6 8.d5 Ne7
9.b4 Nh5 10.Re1 f5 11.Ng5 Nf6 12.Bf3 h6 13.Ne6 Bxe6 14.dxe6 c6 15.Be3 b6
16.b5 fxe4 17.Nxe4 Nxe4 18.Bxe4 d5 19.cxd5 cxd5 20.Bc2 Qd6 21.Qg4 e4 22.Rad1 h5
23.Qxe4 Be5 24.Qh4 Qxe6 25.Bb3 Bc3 26.Bd2 Qf6 27.Bg5 Nf5 28.Bxf6 Nxh4 29.Bxc3 Rae8
30.Bxd5+ Kh7 31.Bb3 Nf5 32.Rd7+ Kh6 33.Bd2+ g5 34.Rxe8 Rxe8 35.g3 h4 36.Bc2 Re5
37.Bxg5+ Kh5 38.Bxf5 Re1+ 39.Kg2 Kxg5 40.Rd5 hxg3 41.hxg3 Rc1 42.f4+ Kf6
43.g4 Ra1 44.g5+ Kg7 45.Rd7+ Kh8 46.g6 Rxa2+ 47.Kg3 Re2 48.Bd3  1-0

[Event "XX Open"]
[Site "Andorra la Vella AND"]
[Date "2002.07.12"]
[Round "7"]
[White "Oms Pallise,J"]
[Black "Llaneza Vega,P"]
[Result "1-0"]
[WhiteElo "2453"]
[BlackElo "2302"]

1.d4 Nf6 2.c4 g6 3.Nc3 Bg7 4.e4 d6 5.Be2 O-O 6.Nf3 e5 7.O-O Nc6 8.d5 Ne7
9.Nh4 c5 10.Be3 Ne8 11.g3 f5 12.exf5 gxf5 13.f4 e4 14.Qd2 Kh8 15.a3 Rg8 16.b4 b6
17.Rab1 Bf6 18.Ng2 Ng6 19.Kh1 Qe7 20.a4 Qg7 21.Nb5 Bd7 22.Rfc1 Ne7 23.Nc3 h5
24.Bf1 Qh6 25.bxc5 bxc5 26.Rb7 Bc8 27.Rb3 h4 28.Nxh4 Bxh4 29.gxh4 Ng6 30.Ne2 Nxh4
31.Bg2 Nf6 32.Bf2 e3 33.Rxe3 Ne4 34.Qb2+ Rg7 35.Bxh4  1-0

[Event "FSGM July"]
[Site "Budapest HUN"]
[Date "2002.07.12"]
[Round "7"]
[White "Ovod,E"]
[Black "Toth,An1"]
[Result "1/2-1/2"]
[WhiteElo "2372"]
[BlackElo "2401"]

1.d4 Nf6 2.c4 g6 3.Nc3 Bg7 4.e4 d6 5.Nf3 O-O 6.Be2 e5 7.O-O Nc6 8.d5 Ne7
9.b4 a5 10.Ba3 axb4 11.Bxb4 b6 12.a4 Re8 13.Qc2 c5 14.Ba3 Rf8 15.Rfb1 Ne8
16.Bc1 h6 17.Ra3 Bd7 18.Qa2 f5 19.Nd2 Nf6 20.Nb5 Nc8 21.exf5 Bxf5 22.Ra1 Qe7
23.a5 bxa5 24.Rxa5 Rxa5 25.Qxa5 e4 26.Ra3 Bg4 27.Re3 Bxe2 28.Rxe2 Ng4 29.f3 Nxh2
30.Kxh2 Qh4+ 31.Kg1 exf3 32.Nxf3 Qxc4 33.Re1 g5 34.Be3 g4 35.Nd2 Qxd5 36.Nc7 Qd3
37.Qa2+ Kh8 38.Qe6 Qf5 39.Rf1 Qxe6 40.Rxf8+ Qg8 41.Rxg8+ Kxg8 42.Ne6 Kf7
43.Nxg7 Kxg7  1/2-1/2

[Event "FSIMA July"]
[Site "Budapest HUN"]
[Date "2002.07.12"]
[Round "7"]
[White "Dudas,Jano"]
[Black "Alfred,N"]
[Result "0-1"]
[WhiteElo "2368"]
[BlackElo "2249"]

1.d4 Nf6 2.c4 g6 3.Nc3 Bg7 4.e4 d6 5.Be2 O-O 6.Nf3 e5 7.O-O Nc6 8.d5 Ne7
9.Ne1 Nd7 10.g4 f5 11.f3 Nf6 12.Nd3 c6 13.Be3 Kh8 14.h3 h6 15.h4 Neg8 16.Kg2 Nh7
17.Rh1 Qd7 18.Nf2 Ngf6 19.Qc1 f4 20.Bd2 Qf7 21.Kg1 Rg8 22.b4 Bf8 23.Qb2 cxd5
24.cxd5 Qg7 25.Rc1 Be7 26.a4 Nh5 27.Rh2 Ng3 28.Nh1 Nxe2+ 29.Nxe2 Nf6 30.Nf2 Bd7
31.b5 Rac8 32.Kg2 Rxc1 33.Nxc1 a6 34.Ncd3 axb5 35.axb5 Kh7 36.Rh1 Ra8 37.Nd1 Qf7
38.Nc3 Bd8 39.Be1 Ba5 40.b6 Bxc3 41.Bxc3 Bxg4 42.Nf2 Bd7 43.Ra1 Rxa1 44.Qxa1 Bb5
45.Qa8 Ne8 46.Be1 Qd7 47.Ng4 Kg7 48.Qb8 Ba6 49.Bf2 Qe7 50.Qc8 h5 51.Nh2 Bb5
52.Nf1 Bd7 53.Qb8 g5 54.Kh2 Bb5 55.Nd2 g4 56.Kg2 g3 57.Be1 Qd7 58.Nb3 Qh3+  0-1

[Event "XX Open"]
[Site "Andorra la Vella AND"]
[Date "2002.07.13"]
[Round "8"]
[White "Dumitrache,D"]
[Black "Nevednichy,V"]
[Result "0-1"]
[WhiteElo "2504"]
[BlackElo "2537"]

1.d4 Nf6 2.c4 g6 3.Nc3 Bg7 4.e4 O-O 5.Be2 d6 6.Nf3 e5 7.O-O Nc6 8.d5 Ne7
9.b4 Kh8 10.a4 Nh5 11.Re1 a5 12.bxa5 c5 13.Nd2 Nf4 14.Nb3 Nxe2+ 15.Qxe2 Ng8
16.Bd2 Ra6 17.Rab1 f5 18.f3 f4 19.Nd1 h5 20.Nf2 g5 21.Bc3 Nh6 22.h3 Rg8 23.Nd2 Bf6
24.Rb2 Qe8 25.Nf1 g4 26.fxg4 hxg4 27.hxg4 Nxg4 28.Nxg4 Bxg4 29.Qd3 Rg7 30.Reb1 Bc8
31.Be1 Bd8 32.g3 Kg8 33.Rh2 Bxa5 34.Bxa5 Rxa5 35.Kh1 Qg6  0-1

[Event "Open"]
[Site "Oberwart AUT"]
[Date "2002.07.13"]
[Round "9"]
[White "Burmakin,V"]
[Black "Al Sayed,Mohamad"]
[Result "1-0"]
[WhiteElo "2574"]
[BlackElo "2405"]

1.d4 Nf6 2.Nf3 g6 3.c4 Bg7 4.Nc3 O-O 5.e4 d6 6.Be2 e5 7.O-O Nc6 8.d5 Ne7
9.b4 Nh5 10.Re1 f5 11.Ng5 Nf6 12.c5 h6 13.Nf3 fxe4 14.Nd2 dxc5 15.Bc4 Kh7
16.bxc5 Nfxd5 17.Nxd5 Nxd5 18.Nxe4 Nb4 19.Rb1 Nc6 20.Bd3 Rb8 21.Be3 Bf5 22.Qc2 Qh4
23.f3 Nb4 24.Qc4 Nxd3 25.Qxd3 Rfd8 26.Qa3 a6 27.Bf2 Qe7 28.Re3 Qd7 29.h4 Qc6
30.Rbe1 Rd5 31.Rb3 Rbd8 32.Qb4 Bc8 33.Rbb1 Rd3 34.Kh2 Qe6 35.Qa5 Qf7 36.Bg3 Qd7
37.Re2 Rf8 38.Rbe1 Rf5 39.Rc1 Qc6 40.Rd2 Rxd2 41.Qxd2 Be6 42.a3 Rf7 43.Qe3 Qd5
44.Qe2 Bd7 45.Rd1 Qe6 46.Re1 Bc6 47.Qe3 Rd7 48.Nf2 Re7 49.Nd3 e4 50.Nf2 Be5
51.fxe4 Bg7 52.Bf4 Rf7 53.Bg3 a5 54.Nd3 Re7 55.e5 Qb3 56.e6 Qxa3 57.h5 gxh5
58.Qe2 Qb3 59.Nf4 Qb2 60.Qxh5 Qf6 61.Qh3 a4 62.Rf1 Re8 63.Re1 Qg5 64.Nh5 Bd4
65.Rf1 Rxe6 66.Rf7+ Kg8 67.Rf5 Qe3 68.Qg4+ Kh8 69.Rf8+ Kh7 70.Qg8+  1-0

[Event "FSIMA July"]
[Site "Budapest HUN"]
[Date "2002.07.14"]
[Round "9"]
[White "Galyas,M"]
[Black "Alfred,N"]
[Result "1/2-1/2"]
[WhiteElo "2407"]
[BlackElo "2249"]

1.d4 Nf6 2.c4 g6 3.Nc3 Bg7 4.e4 d6 5.Nf3 O-O 6.Be2 e5 7.O-O Nc6 8.d5 Ne7
9.Bg5 h6 10.Bxf6 Bxf6 11.b4 a5 12.a3 Bg7 13.c5 f5 14.Nd2 axb4 15.axb4 Rxa1
16.Qxa1 fxe4 17.Ndxe4 Nf5 18.Bd3 Kh8 19.Qa5 dxc5 20.bxc5 Nd4 21.d6 Rf3 22.gxf3 Nxf3+
23.Kg2 Bg4 24.h3 Qh4 25.Rh1 Ne1+ 26.Kf1 Nxd3 27.dxc7 Bxh3+ 28.Ke2 Bg4+ 29.Kxd3 Qxh1
30.Qa8+ Kh7 31.c8=Q Qh3+ 32.Kd2 Bxc8 33.Nd6 Bf5 34.Nce4 Qb3 35.f3 Bxe4 36.Nxe4 g5
37.Ke2 g4 38.Nd2 Qb5+ 39.Ke1 Qxc5 40.Qxb7 Qe3+ 41.Kd1 g3 42.Qb1+ Kg8 43.Qg6 Qf4
44.Ke2 Qg5  1/2-1/2

[Event "FSGM July"]
[Site "Budapest HUN"]
[Date "2002.07.14"]
[Round "9"]
[White "Gerzhoy,L"]
[Black "Toth,An1"]
[Result "1-0"]
[WhiteElo "2366"]
[BlackElo "2401"]

1.Nf3 Nf6 2.c4 g6 3.Nc3 Bg7 4.e4 d6 5.d4 O-O 6.Be2 e5 7.O-O Nc6 8.d5 Ne7
9.b4 a5 10.Ba3 axb4 11.Bxb4 b6 12.a4 Re8 13.Re1 h6 14.h3 g5 15.Nh2 Bf8 16.Ng4 Nxg4
17.Bxg4 c5 18.dxc6 Nxc6 19.Ba3 Be6 20.Bxe6 fxe6 21.Nb5 Nd4 22.Bb2 Nxb5 23.cxb5 Bg7
24.Qb3 Kh8 25.Rad1 Ra7 26.Rd3 Rd7 27.Red1 Qe7 28.Ba3 Red8 29.Rc3 Qf7 30.Rc6 d5
31.Rxb6 dxe4 32.Rxd7 Rxd7 33.Rd6 Rxd6 34.Bxd6 Qb7 35.Qb4  1-0

[Event "FSGM July"]
[Site "Budapest HUN"]
[Date "2002.07.14"]
[Round "9"]
[White "Ovod,E"]
[Black "Rajlich,V"]
[Result "1-0"]
[WhiteElo "2372"]
[BlackElo "2338"]

1.d4 Nf6 2.c4 g6 3.Nc3 Bg7 4.e4 d6 5.Nf3 O-O 6.Be2 e5 7.O-O Nc6 8.d5 Ne7
9.b4 Nh5 10.Re1 f5 11.Ng5 Nf6 12.Bf3 c6 13.Be3 cxd5 14.cxd5 h6 15.Ne6 Bxe6
16.dxe6 fxe4 17.Nxe4 Nxe4 18.Bxe4 d5 19.Bc2 b6 20.Bb3 Qd6 21.Qg4 h5 22.Qh3 Rf5
23.Red1 e4 24.Rac1 Raf8 25.b5 Be5 26.g3 Kh7 27.Qh4 Rf3 28.Qg5 R3f5 29.Rxd5 Rxg5
30.Rxd6 Rxg3+ 31.hxg3 Bxd6 32.Rc4 Nf5 33.Rxe4 Nxe3 34.Rxe3 Bc5 35.Re2 Kg7
36.Kg2 g5 37.f4 gxf4 38.gxf4 Bd6 39.f5 Be7 40.Bc2 Kf6 41.Kf3 Rc8 42.Rg2 Ke5
43.Bd3 Rc3 44.Ke2 Kd4 45.Rg7 Bf6 46.e7 Rc8 47.Rf7 Bxe7 48.Rxe7 Rf8 49.Rxa7 h4
50.Ra4+ Kc3 51.Rxh4 Kb2 52.a4 Kb3 53.Rf4 Rf6 54.Kd2 Kb2 55.Rc4 Rh6 56.Rc6 Rh2+
57.Ke3 Rh3+ 58.Kd4 Rh4+ 59.Ke5  1-0

[Event "Jacques Lemans Open"]
[Site "St Veiter AUT"]
[Date "2002.07.14"]
[Round "9"]
[White "Hafner,R"]
[Black "Eichert,W"]
[Result "1-0"]
[WhiteElo "2145"]
[BlackElo "2196"]

1.d4 Nf6 2.c4 g6 3.Nc3 Bg7 4.e4 d6 5.Nf3 O-O 6.Be2 e5 7.O-O Nc6 8.d5 Ne7
9.Ne1 Nd7 10.Nd3 f5 11.f3 f4 12.Bd2 g5 13.b4 Rf7 14.c5 Bf8 15.cxd6 cxd6 16.Rc1 Ng6
17.Nf2 Nf6 18.Qb3 Rg7 19.Rc2 Nh4 20.Be1 h5 21.h3 Be7 22.a4 g4 23.fxg4 hxg4
24.hxg4 Nxg4 25.Nxg4 Bxg4 26.Bxg4 Rxg4 27.Nd1 Kh7 28.Qh3 Rg6 29.Rf3 Kh6 30.Bxh4 Bxh4
31.Rfc3 Rg7 32.Rc8 Rxc8 33.Rxc8 Qg5 34.Qe6+ Rg6 35.Rh8+  1-0

[Event "24th Politiken Cup"]
[Site "Copenhagen DEN"]
[Date "2002.07.15"]
[Round "1"]
[White "Epishin,V"]
[Black "Bengtsson,O"]
[Result "1-0"]
[WhiteElo "2643"]
[BlackElo "2075"]

1.d4 Nf6 2.c4 g6 3.Nc3 Bg7 4.e4 O-O 5.Nf3 d6 6.Be2 e5 7.O-O Nc6 8.d5 Ne7
9.b4 Nh5 10.Qc2 a5 11.bxa5 c5 12.dxc6 Nxc6 13.Nb5 Bg4 14.Rd1 Rxa5 15.Rb1 Bxf3
16.Bxf3 Nd4 17.Nxd4 exd4 18.Bd2 Re5 19.Rxb7 f5 20.Bxh5 fxe4 21.Be2 Qf6 22.Rf1 Qh4
23.Qb2 Ref5 24.Rxg7+ Kxg7 25.Qxd4+ Qf6 26.Bc3 Qxd4 27.Bxd4+ Kh6 28.Bd1 Ra8
29.Bb3 Ra6 30.Re1  1-0

[Event "2nd China-USA Summit"]
[Site "Shanghai CHN"]
[Date "2002.07.15"]
[Round "4"]
[White "Donaldson A.,E"]
[Black "Wang Pin"]
[Result "0-1"]
[WhiteElo "2377"]
[BlackElo "2475"]

1.d4 Nf6 2.c4 g6 3.Nc3 Bg7 4.Nf3 O-O 5.e4 d6 6.Be2 e5 7.O-O Nc6 8.d5 Ne7
9.b4 Nh5 10.Re1 f5 11.Ng5 Nf6 12.Bf3 c6 13.Be3 f4 14.Bc1 h6 15.Ne6 Bxe6 16.dxe6 Nc8
17.b5 Qe7 18.bxc6 bxc6 19.c5 dxc5 20.Ba3 Nb6 21.Na4 Nxa4 22.Qxa4 Qxe6 23.Bxc5 Rfd8
24.Bd1 Kh7 25.Bb3 Qc8 26.f3 g5 27.h3 h5 28.Rac1 g4 29.hxg4 hxg4 30.fxg4 Qxg4
31.Bd1 Qg5 32.Rc3 Rd2 33.Rh3+ Bh6 34.Re2 Rd7 35.Rf2 Rg8 36.Bf3 Ng4 37.Qxc6 Nf6
38.Qe6 Re8 39.Qc6 Red8 40.Rb2 Rg7 41.Bf2 Rd1+ 42.Kh2 Qxg2+  0-1

[Event "FSGM July"]
[Site "Budapest HUN"]
[Date "2002.07.16"]
[Round "11"]
[White "Gerzhoy,L"]
[Black "Rajlich,V"]
[Result "1-0"]
[WhiteElo "2366"]
[BlackElo "2338"]

1.Nf3 Nf6 2.c4 g6 3.Nc3 Bg7 4.e4 d6 5.d4 O-O 6.Be2 e5 7.O-O Nc6 8.d5 Ne7
9.b4 Nh5 10.Re1 f5 11.Ng5 Nf6 12.Bf3 c6 13.Be3 cxd5 14.cxd5 h6 15.Ne6 Bxe6
16.dxe6 fxe4 17.Nxe4 Nxe4 18.Bxe4 d5 19.Bc2 b6 20.Qg4 e4 21.Rad1 Qc7 22.Bb3 Rf5
23.Rc1 Qd6 24.Red1 Raf8 25.b5 Kh7 26.h3 Be5 27.Kh1 Bf4 28.Bxf4 Rxf4 29.Qg3 h5
30.Bxd5 Nxd5 31.Rc6 h4 32.Qb3 Qb8 33.Rxd5 Rxf2 34.Rd7+ Kh6 35.Rcc7 Rf1+ 36.Kh2 Re1
37.Rh7+ Kg5 38.Qd5+ Kf6 39.Qd4+ Kf5 40.Qf2+ Ke5 41.Qxe1 g5 42.Qc3+ Kxe6 43.Re7+ Kf5
44.Qe5+ Kg6 45.Re6+  1-0